000 00387nam a2200157Ia 4500
008 260407s2019 xx 000 0 und d
041 _aeng
082 _a954.05/PAT
_b12258
100 _aPRO. V.B.PATIL
245 _aADUNIK BHARTACHA ETIHAS VASTU SWARUPAT
250 _a2ND
260 _aPUNE
_bK.SAGAR PUB HOUSE
_c2019
300 _a218p
650 _aGENERAL
650 _aGENERAL
999 _c1219750
_d1219750